All F1 Teams - Statistics

General Stats
  • This quiz has been taken 3,247 times
    988 since last reset
  • The average score is 30 of 167
Answer Stats
Hint Answer % Correct
F Ferrari
90%
M McLaren
88%
R Red Bull
88%
M Mercedes
87%
A Aston Martin
83%
W Williams
82%
A Alpine
81%
H Haas
77%
R Renault
74%
A Alfa Romeo
73%
S Sauber
73%
L Lotus
70%
A AlphaTauri
68%
T Toro Rosso
63%
B BMW
59%
F Force India
59%
H Honda
55%
B Benetton
54%
B Brabham
53%
B Brawn
53%
R Racing Point
52%
J Jaguar
50%
J Jordan
50%
M Minardi
46%
P Prost
43%
T Toyota
42%
T Tyrrell
42%
P Porsche
39%
B BAR
36%
C Caterham
36%
M Marussia
35%
B BRM
34%
H HRT
34%
M Maserati
34%
K KICK - Sauber
33%
A Arrows
32%
C Cooper
32%
V Vanwall
31%
V Visa Cash App RB
31%
S Stewart
30%
L Ligier
28%
M Manor
28%
L Lambo
27%
L Lola
26%
S Spyker
26%
M Matra
25%
V Virgin
25%
T Toleman
22%
Z Zakspeed
22%
F Fittipaldi
21%
S Super Aguri
20%
H Hesketh
17%
M Midland
17%
W Wolf
17%
D Dallara
16%
M March
16%
P Penske
15%
B Bugatti
14%
S Surtees
13%
A Andrea Moda
12%
E Eagle
12%
H Hill
12%
L Lancia
12%
O Osella
12%
A ATS
11%
P Pacific
11%
S Shadow
11%
S Simtek
11%
A AGS
10%
F Footwork
10%
L Larrousse
10%
L Life
10%
O Onyx
10%
C Coloni
9%
F Forti
9%
L Leyton House
9%
B BMW - Sauber
8%
E Ensign
8%
G Gordini
7%
T Talbot
7%
F Fondmetal
6%
I Iso - Marlboro
6%
K Kurtis Kraft
6%
R RAM
6%
D De Tomaso
5%
E Eurobrun
5%
A Amon
4%
K Kojjima
4%
M Maki
4%
R Rial
4%
T Theodore
4%
V Venturi
4%
A Alta
3%
C Connaught
3%
E ERA
3%
M Martini
3%
M Merzario
3%
O OSCA
3%
P Parnelli
3%
R Rebaque
3%
S Spirit
3%
A Alfa Special
2%
B Behra
2%
B Boro
2%
B BRP
2%
E EMW
2%
E Epperly
2%
G Gilby
2%
H HWM
2%
J JBW
2%
K Kauhsen
2%
K Klenk - Meteor
2%
K Kuzma
2%
L LDS
2%
L Lec
2%
L Lyncar
2%
M Moda
2%
T Tecno
2%
T Token
2%
T Trojan
2%
V Veritas
2%
W Wolf - Williams
2%
A Adams
1%
A All American Racers
1%
B Bellasi
1%
B Bromme
1%
C Christensen
1%
C Connew
1%
D Deidt
1%
D Derrington - Francis
1%
E Elder
1%
E Emeryson
1%
E ENB
1%
E Ewing
1%
F Ferguson
1%
F Frazer - Nash
1%
H Hall
1%
L Lesovsky
1%
M McGuire
1%
N Nichels
1%
P Pawl
1%
P Phillips
1%
S Scarab
1%
S Scirocco
1%
S Shannon
1%
S Simca - Gordini
1%
S Stebro
1%
T Tec - Mec
1%
D Dunn Del Roy
0%
L Langley
0%
M Marchese
0%
M Meskowski
0%
M Moore
0%
M Motor Racing Developments
0%
O Olson
0%
P Pankratz
0%
P Politoys
0%
R Rae
0%
S Salih
0%
S Schroeder
0%
S Sherman
0%
S Snowberger
0%
S Stevens
0%
S Sutton
0%
T Trevis
0%
T Turner
0%
W Wetteroth
0%
No matching quizzes found
Score Distribution
Percent of People with Each Score
Percentile by Number Answered
Your Score History
You have not taken this quiz since the last reset